Statistiche per Riconosci la Squadra di calcio - Quiz n°296

Clicka qui per fare il quiz!

Statistiche generali

  • Questo quiz è stato fatto 3 volte
  • Il punteggio medio è 5 su 10

Statistiche sulle risposte

IndizioRisposta% Corretto
Colori socialiBianco, granata
100%
SimboliGraoully e croce di Lorena
100%
Divisione nazionale 2023-2024Prima
100%
ConfederazioneUEFA
100%
Titoli nazionali4 Ligue 2
50%
Trofei internazionali0
0%
Fondazione1932
0%
Capienza Stadio25 636 posti
0%
Trofei nazionali2 Coppe di Francia
2 Coppe di Lega francese
0%
SquadraMetz
0%

Distribuzione punteggi

Percentile per numero di risposta

Percentuale di utenti per punteggio

I tuoi punteggi nel tempo

Non hai fatto questo quiz